Statistics for Guess this Cricketer with hints

Click here to take the quiz!

General Stats

  • This quiz has been taken 313 times
  • The average score is 4 of 6

Answer Stats

HintName% Correct
HelicopterDhoni
77%
The DonBradman
76%
Master BlasterSachin
74%
3 World CupsPonting
63%
Rawalpindi ExpressAkhtar
60%
Magnetic HandsRhodes
25%

Score Distribution

Percentile by Number Answered

Percent of People with Each Score

Your Score History

You have not taken this quiz